Central Library OPAC University of Rajshahi

The Oxford companion to English literature / (Record no. 55703)

MARC details
000 -LEADER
fixed length control field 00929nam a2200265 a 4500
001 - CONTROL NUMBER
control field 55703
003 - CONTROL NUMBER IDENTIFIER
rucl marc code BD-RjUL
005 - DATE AND TIME OF LATEST TRANSACTION
control field 20211209080314.0
008 - FIXED-LENGTH DATA ELEMENTS--GENERAL INFORMATION
fixed length control field 161121r19551946enk bd 001 0 eng
035 ## - SYSTEM CONTROL NUMBER
System control number (BD-RjUL)55827
040 ## - CATALOGING SOURCE
Original cataloging agency DLC
Transcribing agency RPB
Modifying agency OCoLC
-- DLC
-- BD-RjUL
Language of cataloging eng
041 ## - LANGUAGE CODE
Language code of text/sound track or separate title eng
082 ## - DEWEY DECIMAL CLASSIFICATION NUMBER
Classification number 820.90003
Edition number 23
Author mark and year OXF 1955
100 1# - MAIN ENTRY--PERSONAL NAME
Personal name Harvey, Paul,
Dates associated with a name 1869-1948,
9 (RLIN) 165908
245 14 - TITLE STATEMENT
Title The Oxford companion to English literature /
Statement of responsibility, etc. Paul Harvey
250 ## - EDITION STATEMENT
Edition statement 3d ed.
260 ## - PUBLICATION, DISTRIBUTION, ETC. (IMPRINT)
Place of publication, distribution, etc. Oxford :
Name of publisher, distributor, etc. Clarendon Press,
Date of publication, distribution, etc. 1946 [reprinted 1955]
300 ## - PHYSICAL DESCRIPTION
Pagination viii, 931 p ;
Size 25 cm.
650 #0 - SUBJECT ADDED ENTRY--TOPICAL TERM
Topical term or geographic name as entry element English literature
General subdivision Encyclopedias.
9 (RLIN) 165909
Topical term or geographic name as entry element English literature
General subdivision Bio-bibliography.
9 (RLIN) 165910
Topical term or geographic name as entry element American literature
General subdivision Encyclopedias.
9 (RLIN) 165911
Topical term or geographic name as entry element American literature
General subdivision Bio-bibliography.
9 (RLIN) 165912
651 #0 - SUBJECT ADDED ENTRY--GEOGRAPHIC NAME
Geographic name English-speaking countries
General subdivision Intellectual life
Form subdivision Encyclopedias.
9 (RLIN) 165913
942 ## - ADDED ENTRY ELEMENTS (KOHA)
Source of classification or shelving scheme Dewey Decimal Classification
Koha item type Books
Holdings
Lost status Source of classification or shelving scheme Damaged status Not for loan Collection code Permanent Location Current Location Shelving location Date acquired Source of acquisition Cost, normal purchase price Total Checkouts Full call number Date last seen Copy number Koha item type
  Dewey Decimal Classification     Non-fiction Central Library, University of Rajshahi Central Library, University of Rajshahi   16/11/1957 Oxford University 24.75   820.90003 OXF 1955 21/11/2016 C-2 Books